00466nam a2200121 a 4500008004100000050001500041100001800056245011500074260009500189350000900284650004000293650001100333100510s2009 ||||||||||||||||| || u aTHESIS/MBA aManda, Paul M10aHuman resource development and workplace innovation and performance:a case of the Zambia National Tender Board aKitwebCopperbelt University, School of Business, Department of Postgraduate studiesc2009 a0.00 aHUMAN RESOURCES DEVELOPMENT--ZAMBIA aLABOUR